[Event "GER-chT U18 Girls"]
[Site "Germany"]
[Date "2011.05.15"]
[Round "7.4"]
[White "Schimmel, Sarina"]
[Black "Tebartz van Elst, Antonia"]
[Result "1-0"]
[WhiteElo "890"]
[BlackElo "800"]
[PlyCount "57"]
[EventDate "2011.05.13"]
[EventType "team-swiss"]
[EventRounds "7"]
[EventCountry "GER"]
[SourceTitle "EXT 2012"]
[Source "ChessBase"]
[SourceDate "2011.11.24"]
[SourceVersion "1"]
[SourceVersionDate "2011.11.24"]
[SourceQuality "1"]
[WhiteTeam "Oranienburg Louise Henriette Gym (W)"]
[BlackTeam "St Ursula Gymn (W)"]
[WhiteTeamCountry "GER"]
[BlackTeamCountry "GER"]

1. e4 e5 2. Nf3 Nc6 3. Nc3 Nf6 4. Bc4 Bc5 5. d3 Ng4 6. Be3 b6 7. Bxc5 bxc5 8. 0-0 d6 9. h3 0-0 10. hxg4 Bxg4 11. Nb5 a6 12. Na3 Qd7 13. c3 Rad8 14. Nc2 Rfe8 15. Qe2 a5 16. Rad1 a4 17. Qe3 Bh5 18. d4 Qe7 19. dxc5 dxc5 20. Be2 Na5 21. Nd2 Bg6 22. b3 Rd6 23. Qxc5 Qg5 24. Qxa5 Bxe4 25. Nxe4 Qh4 26. Nxd6 Re6 27. Qa8+ Qd8 28. Qxd8+ Re8 29. Qxe8# 1-0

[Event "GER-chT U18 Girls"]
[Site "Germany"]
[Date "2011.05.14"]
[Round "5.4"]
[White "Mauel, Valeria"]
[Black "Tebartz van Elst, Antonia"]
[Result "1-0"]
[WhiteElo "111"]
[BlackElo "800"]
[PlyCount "79"]
[EventDate "2011.05.13"]
[EventType "team-swiss"]
[EventRounds "7"]
[EventCountry "GER"]
[SourceTitle "EXT 2012"]
[Source "ChessBase"]
[SourceDate "2011.11.24"]
[SourceVersion "1"]
[SourceVersionDate "2011.11.24"]
[SourceQuality "1"]
[WhiteTeam "Trier (W)"]
[BlackTeam "St Ursula Gymn (W)"]
[WhiteTeamCountry "GER"]
[BlackTeamCountry "GER"]

1. e4 e5 2. Nf3 Nc6 3. Bb5 a6 4. Bxc6 bxc6 5. d3 Nf6 6. Bg5 Ng4 7. Bxd8 Bc5 8. Bh4 0-0 9. h3 Nh6 10. Bg5 Bb4+ 11. Nc3 d6 12. Bxh6 gxh6 13. 0-0 Re8 14. Nh4 Be6 15. Qf3 Kf8 16. Qf6 d5 17. Qxh6+ Ke7 18. Qxh7 Kd7 19. Nf5 d4 20. Ne2 Rh8 21. Qg7 Kc8 22. Qxh8+ Kb7 23. Qxe5 a5 24. Nexd4 Re8 25. Nxe6 fxe6 26. a3 Bd6 27. Qxa5 exf5 28. exf5 Ra8 29. Qc3 Ra4 30. Qb3+ Bb4 31. Qxa4 c5 32. f6 c6 33. f7 c4 34. Qxb4+ Kc7 35. f8Q c5 36. Qa5+ Kc6 37. Rfe1 cxd3 38. Qf6+ Kd5 39. Qe5+ Kc4 40. b3# 1-0

[Event "GER-chT U18 Girls"]
[Site "Germany"]
[Date "2011.05.13"]
[Round "3.4"]
[White "Schillinger, Carmen"]
[Black "Tebartz van Elst, Antonia"]
[Result "1-0"]
[WhiteElo "800"]
[BlackElo "800"]
[PlyCount "55"]
[EventDate "2011.05.13"]
[EventType "team-swiss"]
[EventRounds "7"]
[EventCountry "GER"]
[SourceTitle "EXT 2012"]
[Source "ChessBase"]
[SourceDate "2011.11.24"]
[SourceVersion "1"]
[SourceVersionDate "2011.11.24"]
[SourceQuality "1"]
[WhiteTeam "Neuenburg Gymn (W)"]
[BlackTeam "St Ursula Gymn (W)"]
[WhiteTeamCountry "GER"]
[BlackTeamCountry "GER"]

1. e4 e5 2. Nf3 Nc6 3. Nc3 Nf6 4. Bb5 a6 5. Ba4 b5 6. Bb3 Bb4 7. d4 exd4 8. Nxd4 Ng4 9. Qxg4 d5 10. Qxg7 Ke7 11. a3 Rg8 12. Qxh7 Rh8 13. Nf5+ Kd7 14. Qxf7+ Ne7 15. Bg5 Re8 16. axb4 Rf8 17. Qg7 d4 18. Bxe7 Qe8 19. Bxf8+ Kd8 20. Qxd4+ Bd7 21. Be7+ Kc8 22. Qd5 Rb8 23. e5 Bxf5 24. Ne4 Qxe7 25. Nc5 Qf7 26. Qxf7 Bg4 27. Nxa6 Ra8 28. Qxc7# 1-0